1332 1704 1948 1040 1800 1602 1951 1557 1668 1084 1139 1666 1545 1474 1319 1773 1147 1770 1997 1261 1927 1118 1196 1194 1550 1663 1439 1701 1744 1480 1760 1714 1729 1002 1293 1522 1127 1098 1315 1188 1571 1555 1179 1993 1430 1986 1725 1096 1183 1178 1362 1698 1340 1814 1088 1520 1853 1669 1331 1955 1133 1951 1641 1311 1146 1301 1190 1999 1795 1185 1814 1543 1781 1698 1872 1873 1594 1863 1872 1058 1663 1527 1359 1383 1337 1037 1274 1817 1791 1167 1167 1667 1865 1996 1702 1754 1414 1218 1806 BCNSPRNW ULIB Ver.6.0+V

เปลี่ยนเป็นภาษาไทย

Change to English
 แสดงรายละเอียดบรรณานุกรม
  กลับหน้าหลัก

Brief Record : Get Marc (ISO 2709) : E-mail record : QR code < ปิดหน้าต่าง
LEADER : 00000nam 2200000uu 4500
001    13399110135
003     ULIB
008    110422s2552||||th 000 0 tha d
024    9786160600359
090    นว^bม756a 2552
100 0  เมย์ 112
245 00 Aus-boyพิชิตรักร้ายล่าหัวใจยัยจอมดื้อ^cmay 112
260    กรุงเทพฯ:^bแจ่มใส,^c2552
300    173 หน้า
945    ^p139^l0^i029994
995    เกษร
999    ^aใช้งานได้ทุกระบบ
รายการนี้ยังไม่มีแท็ก
คุณยังไม่ได้ล็อกอิน คุณสามารถมีกิจกรรมร่วมกับเว็บไซต์ได้ แต่ต้องล็อกอินก่อน ::
  ล็อกอิน

รายการสื่อสารสนเทศ

ลำดับที่ ประเภท เลขเรียก/บาร์โค้ด สถานที่ สถานะ
1. วิทยาศาสตร์การแพทย์ และสุขภาพ
วิทยาศาสตร์การแพทย์ และสุขภาพ
นว ม756a 2552  
  Barcode: 029994
ห้องสมุดวิทยาเขตสวรรค์ประชารักษ์
►นวนิยาย
บนชั้น
  ขอยืม

รายการใกล้เคียง
    ผู้แต่ง [เมย์ 112]

BibComment


ยังไม่เคยถูกคอมเมนท์

คอมเมนท์ทรัพยากรรายการนี้
  คอมเมนท์: Ausboyพิชิตรักร้า..


 Copyright 2026. Bcnsprnw @Library